Online katalóg knižníc regiónu Turca

Zajačik (Record no. 22294)

MARC details
000 -LEADER
fixed length control field 01548cam a2200481 a 4500
001 - CONTROL NUMBER
control field 22294
003 - CONTROL NUMBER IDENTIFIER
control field VRT
005 - DATE AND TIME OF LATEST TRANSACTION
control field 20260325125737.0
008 - FIXED-LENGTH DATA ELEMENTS--GENERAL INFORMATION
fixed length control field 240314s2014 xo g 000 f slo
015 ## - NATIONAL BIBLIOGRAPHY NUMBER
National bibliography number SNBA2015/10
020 ## - INTERNATIONAL STANDARD BOOK NUMBER
International Standard Book Number 9788081640452
Qualifying information (viaz.)
035 ## - SYSTEM CONTROL NUMBER
System control number 8C3691F3-A77C-4DF6-B343-A571DC340FD9
035 ## - SYSTEM CONTROL NUMBER
System control number urn:nbn:sk:snk-amlf5s
035 ## - SYSTEM CONTROL NUMBER
System control number urn:nbn:sk:snk-am008y0t
039 #9 - LEVEL OF BIBLIOGRAPHIC CONTROL AND CODING DETAIL [OBSOLETE]
Level of rules in bibliographic description 202403140904
Level of effort used to assign nonsubject heading access points VLOAD
Level of effort used to assign subject headings 202203240739
Level of effort used to assign classification csnkv15
Level of effort used to assign subject headings 201606102008
Level of effort used to assign classification VLOAD
Level of effort used to assign subject headings 201604291538
Level of effort used to assign classification VLOAD
040 ## - CATALOGING SOURCE
Original cataloging agency POKPOH
Language of cataloging slo
Transcribing agency POKPOH
Modifying agency SNK
Description conventions AACR2
041 1# - LANGUAGE CODE
Language code of text/sound track or separate title slo
Language code of original eng
044 ## - COUNTRY OF PUBLISHING/PRODUCING ENTITY CODE
MARC country code xo
ISO country code SK
072 #7 - SUBJECT CATEGORY CODE
Subject category code 821.111(73)-3
Subject category code subdivision Americká próza
Source konspekt
080 ## - UNIVERSAL DECIMAL CLASSIFICATION NUMBER
Universal Decimal Classification number 821.111(73)-31
Edition identifier 2001
100 1# - MAIN ENTRY--PERSONAL NAME
Personal name Sterry, David Henry
Relationship aut
240 10 - UNIFORM TITLE
Uniform title Chicken - self portrait of a young man for rent
Language of a work Slovensky
245 10 - TITLE STATEMENT
Title Zajačik
Remainder of title [skutočný príbeh gigola]
Statement of responsibility, etc. David Henry Sterry ; [z anglického originálu preložil František Kôpka]
250 ## - EDITION STATEMENT
Edition statement 1. vyd.
260 ## - PUBLICATION, DISTRIBUTION, ETC.
Place of publication, distribution, etc. [Bratislava]
Name of publisher, distributor, etc. Motýľ
Date of publication, distribution, etc. 2014
300 ## - PHYSICAL DESCRIPTION
Extent 227 s.
Dimensions 21 cm
500 ## - GENERAL NOTE
General note Miesto vyd. podľa ISBN
655 #7 - INDEX TERM--GENRE/FORM
Genre/form data or focus term americké romány
Source of term SNKPH
655 #7 - INDEX TERM--GENRE/FORM
Genre/form data or focus term American fiction
Source of term SNKPHeng
700 1# - ADDED ENTRY--PERSONAL NAME
Personal name Kôpka, František
Titles and other words associated with a name (prekladateľ)
Relationship trl
910 ## - USER-OPTION DATA (OCLC)
User-option data pokpoh
910 ## - USER-OPTION DATA (OCLC)
User-option data pppk
910 ## - USER-OPTION DATA (OCLC)
User-option data ttkjf
910 ## - USER-OPTION DATA (OCLC)
User-option data bjkdg
910 ## - USER-OPTION DATA (OCLC)
User-option data sllk
910 ## - USER-OPTION DATA (OCLC)
User-option data totk
910 ## - USER-OPTION DATA (OCLC)
User-option data vthk
910 ## - USER-OPTION DATA (OCLC)
User-option data snk
910 ## - USER-OPTION DATA (OCLC)
User-option data hevk
942 ## - ADDED ENTRY ELEMENTS (KOHA)
Source of classification or shelving scheme Dewey Decimal Classification
Koha item type Krásna literatúra pre dospelých
Suppress in OPAC No
949 ## - LOCAL PROCESSING INFORMATION (OCLC)
6 17A1173009
a snkSC 166558
b snk2015/28279
o 2122/2015
s 6100:20151029
949 ## - LOCAL PROCESSING INFORMATION (OCLC)
6 17A1173508
a snkSC 166558 D1
b snk2015/29318
Holdings
Stav vyradenia Strata Poškodenie Spôsob nadobudnutia Domovská knižnica Aktuálna knižnica Dátum nadobudnutia Cena Total checkouts Čiarový kód exemplára Date last seen Typ exemplára
      Kúpa Obecná knižnica Horná Štubňa Obecná knižnica Horná Štubňa 25.03.2026 4.90   9788081640452 25.03.2026 Krásna literatúra pre dospelých
Projekt je podporený Slovenskou asociáciou knižníc
Prevádzkuje Turčianska knižnica Martin 2026